000 00657nam a22002057a 4500
999 _c14595
_d14595
003 AR-CdUCM
008 190423b ||||| |||| 00| 0 spa d
020 _a978-9972-894-92-3
040 _aMUNICIPALIDAD PROVINCIAL DEL CUSCO
_cBIBLIOTECA MUNICIPAL DEL CUSCO
082 _aPI / 803 /
_bE23
110 _aEdiciones Hipocampo
_933435
245 _aLeyendas Incas :
_bManco Cápac y Mama Ocllo /
260 _aLima :
_bHipocampo,
_c2017.
300 _bIlustraciones,
_c20 cm.
505 _aContenido: Manco Cápac y Mama Ocllo.
650 _aCuento Infantiles
_933436
650 _aLeyendas incas
_933437
942 _2ddc
_cLIBROS
945 _acmm
_d2019-04-23